000 00291nam a22001217a 4500
020 _a81-8350-269-5
082 _a657
_bGRE/A
100 _aT.S.GREWAL
245 _aACCOUNTANCY
_bCLASS XII
260 _aDELHI
_bSULTAN CHAND & SONS
_c2009
650 _aACCOUNTANCY FOR CLASS XII
_zINDIA
942 _cBK
999 _c624
_d624